Bioactive secondary metabolites produced by microorganisms associated with plants

Bibliographic Details
Main Authors: Firáková, Silvia (Author), Múčková, Marta (Author), Šturdíková, Mária (Author)
Format: Article
Language:English

MARC

LEADER 00000nab a2200000uu 4500
001 vtls011438374
003 SK-MaSNL
005 20260303122623.0
008 230213|2007 xo |||||||||||||||||eng|
015 |a SNBRB 
035 |a (urnnbn)urn:nbn:sk:snk:ar-002qdq 
035 |a (uuid)f7f80584-9dd0-4362-b392-6f84213e0759 
035 |a urn:nbn:sk:snk-abcdbh 
040 |a SNKBUCL  |b slo  |c SNKBUCL  |e AACR2 
041 0 |a eng 
044 |a xo  |c SK 
100 1 |a Firáková, Silvia  |4 aut  |9 1137431 
245 1 0 |a Bioactive secondary metabolites produced by microorganisms associated with plants  |c Silvia Firáková, Mária Šturdíková, Marta Múčková 
700 1 |a Múčková, Marta  |4 aut  |9 741968 
700 1 |a Šturdíková, Mária  |4 aut  |9 8876 
773 0 |t Biologia : journal of the Slovak Academy of Sciences  |g Roč. 62, č. 3 (2007), s. [251]-257 
954 |a odborná, vedecká literatúra pôvodná (slovenská)  |2 lita 
958 |a OND 
958 |a EUIPO 
958 |a article16 
999 |c 1921838  |d 1923768